Socialdemocracia y clases medias en Europa /
Guardado en:
| Autor principal: | |
|---|---|
| Formato: | Texto |
| Etiquetas: |
Agregar Etiqueta
Sin Etiquetas, Sea el primero en etiquetar este registro!
|
MARC
| LEADER | 00000 a a2200000 04500 | ||
|---|---|---|---|
| 001 | 47128 | ||
| 003 | |||
| 040 | |||
| 100 | |a Paramio, Ludolfo | ||
| 245 | |a Socialdemocracia y clases medias en Europa / |c Ludolfo Paramio | ||
| 773 | |g número247, (2013), páginas 70-80 | ||
| 999 | |c 21874 |d 21874 | ||
